00417nam a2200121Ia 4500008004100000082001600041100002800057245006500085300002100150942000700171999001900178952009800197230907s9999||||xx |||||||||||||| ||und|| a720.47bKEE aKeeler, Marian,9115696 0aFundamentals of integrated design for sustainable building / axix, 372 pages ; cBK c599184d599184 00104070aCAS-EbCAS-Ed2019-08-20l0o720.47 KEEpCAS-E0003283r2023-09-12w2023-09-12yBK